|
|
|
|
| LEADER |
00000nab a2200000 ar4500 |
| 001 |
vtls008408824 |
| 003 |
SK-MaSNL |
| 005 |
20260303070111.0 |
| 008 |
051110c2005 xo mr|p|||||||000 b|slo |
| 015 |
|
|
|a SNBRB2005/11
|2 snkbucl
|
| 040 |
|
|
|a SNKBUCL
|b slo
|c SNKBUCL
|e AACR2
|
| 041 |
0 |
|
|a slo
|
| 044 |
|
|
|a xo
|c SK
|
| 080 |
|
|
|a 82:929:821.162.4
|2 UDC-MRF-SK2
|
| 080 |
|
|
|a 821.162.4:929
|2 UDC-MRF-SK2
|
| 080 |
|
|
|a 929 Peteraj, Kamil
|2 UDC-MRF-SK2
|
| 245 |
0 |
0 |
|a 30 otázok pre Kamila Peteraja
|
| 246 |
3 |
|
|a Tridsať otázok pre Kamila Peteraja
|
| 300 |
|
|
|b Fotogr.
|
| 600 |
1 |
7 |
|a Peteraj, Kamil,
|d 1945-
|2 snkbucl
|9 198049
|
| 700 |
1 |
|
|a Peteraj, Kamil,
|d 1945-
|4 ive
|4 aut
|9 198049
|
| 773 |
0 |
|
|t Extra plus
|g Roč. 5, november (2005), s. 49
|x 1336-0256
|
| 852 |
|
|
|a SNK
|b KIS3GCP
|
| 958 |
|
|
|a BX
|
| 958 |
|
|
|a LX
|
| 958 |
|
|
|a SK
|
| 999 |
|
|
|c 1753964
|d 1755894
|